LEADER 01195nam a2200289 i 4500 001 000000113503 003 CaOOAMICUS 005 20030326000000.0 008 030326s2002 it u000 u ita u 013 $a86189 020 $a88-7343-357-X 040 $aSeMil$bita 245 10$aStudi in onore del Cardinale Mario Francesco Pompedda /$ca cura di Tonino Cabizzosu. 260 $aCagliari :$bEd. Della Torre,$cstampa 2002. 300 $a394 p. ;$c24 cm. 490 0 $aSaggi e ricerche ;$v4 500 $aDono del Card. Dionigi Tettamanzi. 700 1 $aCabizzosu, Tonino.$0(OLS)http://semarc/name/4467 700 1 $aPompedda, Mario Francesco .$0(OLS)http://semarc/name/4652 830 0$aSaggi e ricerche ;$v4.$0(OLS)http://semarc/title/11063 850 $aSeMil 852 $aSeMil$W1$xVenegono$y1$m2M V 8$j257652$B69188$CSeMilBibl$Z2$F74779 $81 941 1 $a5 961 $aOmaggio: Tettamanzi Card. Dionigi 996 $6020$a88-7343-357-X$9(OLS)http://semarc/number/96486 996 $6245$aStudi in onore del Cardinale Mario Francesco Pompedda$9(OLS)http://semarc/title/165725 996 $6260$aCagliari :$bEd. Della Torre$9(OLS)http://semarc/publisher/32438 LEADER 01284nam a2200265 i 4500 001 000000069777 003 CaOOAMICUS 005 20140526000000.0 008 140526s1996 it u000 u ita u 013 $a40949 020 $a88-384-2550-7 040 $aSeMil$bita 100 1 $aThiede, Carsten Peter <1952->.$0(OLS)http://semarc/name/16993 240 10$aEyewitness to Jesus.$0(OLS)http://semarc/title/111822 245 10$aTestimone oculare di Gesł :$bla nuova sconvolgente prova sull'origine del Vangelo /$cCarsten Peter Thiede, Matthew D'Ancona. 260 $aCasale Monferrato :$bPiemme,$ccopyr. 1996. 300 $a238 p., [4] p. di tav. ;$c24 cm. 650 4$aBibbia. Nuovo Testamento. Vangelo secondo Matteo - Commentari, studi, critica, interpretazioni.$0(OLS)http://semarc/subject/32 700 1 $aD'Ancona, Matthew.$0(OLS)http://semarc/name/34793 850 $aSeMil 852 $aSeMil$W1$xVenegono$y1$m2Z II 45$j35930$B35930$CSeMilBibl$Z2$F35933 $81 961 $aOmaggio: Donazione 996 $6020$a88-384-2550-7$9(OLS)http://semarc/number/48383 996 $6245$aTestimone oculare di Gesł :$bla nuova sconvolgente prova sull'origine del Vangelo$9(OLS)http://semarc/title/111821 996 $6260$aCasale Monferrato :$bPiemme$9(OLS)http://semarc/publisher/29798